Normal view
MARC view
Entry Personal Name
001 - CONTROL NUMBER
- control field: 52109
003 - CONTROL NUMBER IDENTIFIER
- control field: MY-SjTCS
005 - DATE AND TIME OF LATEST TRANSACTION
- control field: 20191205134407.0
008 - FIXED-LENGTH DATA ELEMENTS
- fixed length control field: 110714nn a|a||abb| a a|a d
039 #9 -
- : 201107141127
- : shuhada
040 ## - CATALOGING SOURCE
- Original cataloging agency: VRT
- Transcribing agency: VRT
100 1# - HEADING--PERSONAL NAME
- Personal name: Coimbra, Jane Selia dos Reis,
- Dates associated with a name: 1962-
400 1# - SEE FROM TRACING--PERSONAL NAME
- Personal name: Reis Coimbra, Jane Selia dos,
- Dates associated with a name: 1962-
670 ## - SOURCE DATA FOUND
- Source citation: Engineering aspects of milk and dairy products, c2010.:
- Information found: t.p. (edited by Jane Sélia dos Reis Coimbra, José A. Teixeira.)
999 ## -
- : VIRTUA4 x
999 ## -
- : VTLSSORT0080*0400*1000*4000*6700*9991